Statistics for Städte im Saarland

Click here to take the quiz!

General Stats

  • This quiz has been taken 201 times
  • The average score is 10 of 17

Answer Stats

HintAnswer% Correct
177.000 EWSaarbrücken
100%
37.000 EWSaarlouis
92%
44.000 EWHomburg
85%
47.000 EWNeunkirchen
79%
30.000 EWMerzig
76%
40.000 EWVölklingen
74%
37.000 EWSt. Ingbert
71%
26.000 EWSt. Wendel
69%
21.000 EWDillingen / Saar
62%
16.000 EWWadern
47%
22.000 EWBlieskastel
41%
20.000 EWLebach
41%
15.000 EWOttweiler
40%
18.000 EWBexbach
35%
17.000 EWSulzbach / Saar
33%
20.000 EWPüttlingen
30%
11.000 EWFriedrichsthal
26%

Score Distribution

Percentile by Number Answered

Percent of People with Each Score

Your Score History

You have not taken this quiz